|
|
|
|
| LEADER |
01035nam a2200253 a 4500 |
| 001 |
c000341488 |
| 003 |
CARM |
| 005 |
00000000000000.0 |
| 008 |
850617s1957 nz b 00010 eng d |
| 019 |
1 |
|
|a 2994786
|z 28339010
|5 LACONCORD2021
|
| 035 |
|
|
|a (OCoLC)8740910
|5 LACONCORD2021
|
| 040 |
|
|
|a VDU
|c VDU
|
| 082 |
1 |
|
|a 372.4/0723
|2 19
|
| 100 |
1 |
|
|a Fieldhouse, A. E.
|
| 245 |
1 |
0 |
|a How to conduct a reading survey /
|c A.E. Fieldhouse.
|
| 260 |
|
|
|a Wellington :
|b New Zealand Council for Educational Research,
|c 1957.
|
| 300 |
|
|
|a 69 p. ;
|c 22 cm.
|
| 490 |
0 |
|
|a Studies in education / New Zealand Council for Educational Research ;
|v no. 15
|
| 504 |
|
|
|a Bibliography: p. 66-69.
|
| 650 |
|
0 |
|a Reading surveys.
|
| 830 |
|
0 |
|a Studies in education (New Zealand Council for Educational Research) ;
|v no. 15.
|
| 852 |
8 |
|
|b CARM
|h A1:AP33G0
|i B07946
|p 0354259
|f BK
|
| 999 |
f |
f |
|i e793bf4f-a9e0-5681-b7fd-495275448142
|s c143079b-1ef0-542b-8c81-5541d01b7ec3
|
| 952 |
f |
f |
|p Can circulate
|a CAVAL
|b CAVAL
|c CAVAL
|d CARM 1 Store
|e B07946
|f A1:AP33G0
|h Other scheme
|i book
|m 0354259
|